000 00867nas a2200265 4500
001 BR8500588
003 BR-BrBNA
005 20231205090110.0
007 ta
008 230509b bl.|||p| |||| 00| 00por d
040 _aBR-BrBNA
_bpor
_cBiblioteca Nacional de Agricultura
041 _a(Pt)
072 _aL10; L74
100 1 _aLedic, I.L.
100 1 _aGomes, A.G.
245 1 _aOcorrencia de anomalia de base genetica difundido por touro da raca gir
246 1 _aOccurrence of genetic abnormality spread by Gir bulls
650 _aGADO GIR
650 _aGENETICA ANIMAL
650 _aINSEMINACAO ARTIFICIAL
650 _aDISTURBIO GENETICO
773 0 _tArquivo Brasileiro de Medicina Veterinaria e Zootecnia (Brazil)
_xISSN 0102-0935
_g(Oct 1984), v. 36(5) p. 609-611
_wBR8500588
909 _a202311
_bLúcia
_c55
_dLúcia Elande
942 _2AGRIS
_n0
_cANA
999 _c116144
_d116144